000 00749nam a2200241Ia 4500
003 OSt
005 20220923214756.0
006 a|||||r|||| 00| 0
007 ta
008 220922b |||||||| |||| 00| 0 hin d
024 _a172,633
037 _cTextual
040 _aARTS
_cARTS
_bhin
041 _2hin
_ahin
082 _aO152,3NBI,PK, L2
100 _aबिड़ला, लक्ष्मी निवास
_9163420
245 0 _aपद्मिनी का शाप
246 _aPadminī kā shāpa
260 _c1972
650 _aहिन्दी साहित्य
_9156264
942 _hO152,3NBI,PK, L2
_cTEXL
_2CC
999 _c326641
_d326641